FDA REGULATORY AFFAIRS (Record no. 23495)

MARC details
000 -LEADER
fixed length control field 00365nam a22001577a 4500
003 - CONTROL NUMBER IDENTIFIER
control field SGT
020 ## - INTERNATIONAL STANDARD BOOK NUMBER
International Standard Book Number 9781138098732
082 ## - DEWEY DECIMAL CLASSIFICATION NUMBER
Classification number 615.01,
Item number F23M
100 ## - MAIN ENTRY--PERSONAL NAME
Personal name MANTUS, DAVID, ED
245 ## - TITLE STATEMENT
Title FDA REGULATORY AFFAIRS
260 ## - PUBLICATION, DISTRIBUTION, ETC. (IMPRINT)
Place of publication, distribution, etc NEWYORK
Name of publisher, distributor, etc CRC PRESS
Year of Publication 2023
300 ## - PAGE DESCRIPTION
No. of Pages 387
650 ## - SUBJECT ADDED ENTRY--TOPICAL TERM
Topical term or geographic name as entry element FDA REGULATORY AFFAIRS
653 ## - KEYWORDS--INDEX TERM
Keyword term REGULATORY AFFAIRS
942 ## - ADDED ENTRY ELEMENTS (KOHA)
Source of classification or shelving scheme Dewey Decimal Classification
Koha item type Books
Holdings
Withdrawn status Lost status Source of classification or shelving scheme Damaged status Use restrictions Not for loan Collection code Home library Current library Shelving location Date acquired Vendor Name Cost, normal purchase price SGTU Bill Number Full call number Accession No. (Barcode) Date last seen Bill Date Koha item type
    Dewey Decimal Classification   Restricted Access   PHARMACY SGT FA-FP Library SGT FA-FP Library Reference Book 25/11/2022 ABC. PUB 3995.00 SGTU 15336 615.01, F23M FP4594 25/11/2022 11/11/2022 Books